Crecimiento rápido de la población y satisfacción de las necesidades de salud en los países de la América Latina /
Guardado en:
| Autor principal: | |
|---|---|
| Formato: | Texto |
| Materias: | |
| Etiquetas: |
Agregar Etiqueta
Sin Etiquetas, Sea el primero en etiquetar este registro!
|
MARC
| LEADER | 00000 a a2200000 04500 | ||
|---|---|---|---|
| 001 | 47631 | ||
| 003 | |||
| 040 | |||
| 090 | |a REV0857 3 (6) 1977 | ||
| 100 | |a Behm Rosas, Hugo | ||
| 245 | |a Crecimiento rápido de la población y satisfacción de las necesidades de salud en los países de la América Latina / |c Hugo Behm Rosas | ||
| 650 | |a SALUD | ||
| 650 | |a POBLACION | ||
| 650 | |a ATENCION EN SALUD | ||
| 650 | |a CRECIMIENTO DEMOGRAFICO | ||
| 773 | |g volumen3, número6, enero-abril (1977) | ||
| 999 | |c 33038 |d 33038 | ||
